Statistics for Every Team to play in the Bundesliga

Click here to take the quiz!

General Stats

  • This quiz has been taken 15 times
  • The average score is 35 of 57

Answer Stats

SeasonsFootball Club% Correct
521. FC Köln
100%
51. FC Union Berlin
100%
57Borussia Dortmund
100%
59FC Bayern Munich
100%
55Hamburger SV
100%
40Hertha BSC
100%
55Eintracht Frankfurt
93%
59SV Werder Bremen
93%
57VfB Stuttgart
93%
441. FC Kaiserslautern
86%
4Dynamo Dresden
86%
54FC Schalke 04
86%
25Fortuna Düsseldorf
86%
30Hannover 96
86%
8RB Leipzig
86%
1VfB Leipzig
86%
27VfL Wolfsburg
86%
331. FC Nürnberg
79%
45Bayer 04 Leverkusen
79%
56Borussia Mönchengladbach
79%
13FC Augsburg
79%
16TSG 1899 Hoffenheim
79%
20TSV 1860 München
79%
3FC 08 Homburg
71%
24SC Freiburg
71%
181. FSV Mainz 05
64%
4Alemannia Aachen
64%
19Arminia Bielefeld
64%
21Eintracht Braunschweig
64%
12FC Hansa Rostock
64%
28MSV Duisburg
64%
7Rot-Weiss Essen
64%
2FC Ingolstadt 04
57%
8FC St. Pauli
57%
24Karlsruher SC
57%
2SC Paderborn 07
57%
2SpVgg Greuther Fürth
57%
37VfL Bochum
57%
6FC Energie Cottbus
43%
1SC Tasmania 1900 Berlin
43%
1SSV Ulm 1846
43%
5SV Darmstadt 98
43%
14KFC Uerdingen 05
36%
7Kickers Offenbach
36%
1SC Preußen Münster
36%
2Stuttgarter Kickers
36%
7SV Waldhof Mannheim
36%
11. FC Heidenheim
29%
51. FC Saarbrücken
29%
1Blau-Weiß 1890 Berlin
21%
4Rot-Weiß Oberhausen
21%
1SC Fortuna Köln
21%
2Tennis Borussia Berlin
21%
3Wuppertaler SV
21%
4SG Wattenscheid 09
14%
3Borussia Neunkirchen
7%
2SpVgg Unterhaching
0%

Score Distribution

Percentile by Number Answered

Percent of People with Each Score

Your Score History

You have not taken this quiz